[Event "Sharjah FIDE GP"]
[Site "Sharjah"]
[Date "2017.02.18"]
[Round "1"]
[White "Ding, Liren"]
[Black "Rapport, Richard"]
[Result "0-1"]
[WhiteElo "2760"]
[BlackElo "2692"]
[Annotator "Yermolinsky,A"]
[PlyCount "80"]
[EventDate "2017.02.18"]
[EventType "swiss"]
[EventRounds "9"]
[EventCountry "UAE"]
[SourceTitle "CBM 177"]
[Source "ChessBase"]
[SourceDate "2017.03.16"]
[SourceVersion "1"]
[SourceVersionDate "2017.03.16"]
[SourceQuality "1"]

{One of the most intriguing match-ups of the opening round. Both players are
young, ambitious, and in dire need of breaking out of their respective bad
places. While Ding has largely stayed inactive lately - he only played in the
Sinquefield Cup and Olympiad of the high profile tournaments in the second
half of 2016 - Rapport has seemed to travel almost non-stop, including his
month and quite a long stay in China, only to see his rating drop 60 points
off his personal best.} 1. d4 Nf6 2. c4 e6 3. Nf3 b6 4. g3 Bb7 5. Bg2 Bb4+ ({
The classical approach is} 5... Be7 6. O-O O-O 7. Nc3 Ne4 {but there Richard
had a couple of losses in the Tata Steel last month, against Wesley So 
(totally undeserved) and Levon Aronian (fully earned this time). I'm sure his
Queen's Indian is going to be further tested in this event.}) 6. Bd2 a5 $5 {
This should have hardly come as surprise, because Rapport played it before.
This move came about in the 1970's, and we can count Larsen, Korchnoi and
Karpov among its supporters. The point was, and still is, to spice up
otherwise routine play in the well-known structure.} ({Of course,} 6... Bxd2+ {
played by Korchnoi, and later Andreikin, is the most reliable.} 7. Qxd2 O-O 8.
O-O ({The old line} 8. Nc3 Ne4 9. Qc2 Nxc3 {was based on a tactical shot} 10.
Ng5 $1 {which these days Black parries with} Ne4 $1 (10... Qxg5 11. Bxb7 Nxe2
12. Qxe2 Nc6 13. Bxa8 Rxa8 14. Rd1 {doesn't cut it anymore.}) 11. Bxe4 Bxe4 12.
Qxe4 Qxg5 13. Qxa8 Nc6 14. Qb7 Nxd4 {The difference is, the white queen is
really out of play, and that allows Black to get enough for the exchange after}
15. Rd1 c5 {One possible line ends in a draw by perpetual check:} 16. e3 Nc2+
17. Kf1 Qg4 18. Qxd7 Nxe3+ 19. fxe3 Qf3+ 20. Kg1 Qxe3+ 21. Kg2 Qe2+ {etc.})
8... d6 9. Qf4 $5 ({Nothing bothers Black once he answers} 9. Nc3 {with} Ne4)
9... Nbd7 10. Nc3 Re8 11. Rad1) ({All the same Black shouldn't forget about} 
6... Be7 {(Ljubojevic and Polugaevsky). Here he hopes to exploit the awkward
position of the Bd2, which blocks the d-file, so the thematic d4-d5 loses
support.} 7. Nc3 O-O 8. O-O Na6 (8... c6 {to transpose to the Catalan with a
twist} 9. e4 d5 10. e5 Ne4 $1 {Tkachiev.}) 9. Rc1 {White's moves make perfect
sense against Nf6-e4, but Black isn't going to play it! Instead,} c5 10. d5
exd5 11. Nh4 Nc7 (11... g6 12. cxd5 d6) 12. Nf5 d6 13. cxd5 Re8 14. e4 Bf8 {
and here we are, in Benoni territory.}) 7. O-O (7. a3 {is what Black is hoping
to see. After} Be7 8. Nc3 O-O 9. O-O Na6 {he invites} 10. d5 Nc5 11. Nd4 {
to freeze White's queenside with} a4) ({Naturally,} 7. Bxb4 $6 axb4 {deprives
the white knight of its birthright, the c3-square, and after} 8. O-O O-O 9.
Nbd2 c5 10. Re1 d6 11. e4 Nc6 {Black already stands well.} 12. d5 exd5 13. cxd5
(13. exd5 Ne7 {and there comes b6-b5!}) 13... Ne7 14. Nc4 Ng6 15. a4 bxa3 16.
Rxa3 b5 {Socko-Hou Yifan, Baku Olympiad, 2016, with lovely Benoni counterplay.}
) 7... O-O 8. Bf4 ({Many games see} 8. Bg5 Be7 {and Black once again relies on
exchanging pieces after} 9. Nc3 Ne4 {White wins his share of games, but not
nearly enough to put this line out of business.} 10. Bxe7 Qxe7 11. Qc2 Nxc3 12.
Qxc3 d6 13. d5 e5 {Efimenko-Andreikin, 2011. No, White didn't win this one, it
was a draw.}) 8... Be7 $1 {The bishop is no longer safe on b4.} ({Lose your
focus,} 8... d5 $6 {and then you fall for a typical trick:} 9. c5 $1 a4 {
What else?} 10. a3 Ba5 11. Qxa4 {and there goes your brave a-pawn for next to
nothing.}) 9. Nc3 Ne4 10. Qd3 {This isn't a novelty, just a very rare move.} ({
Previously Ding played the standard} 10. Qc2 Nxc3 11. Qxc3 d6 {and then placed
his queen on d3. His game with fellow Chinese GM Wang Yue went} 12. Qd3 Nd7 13.
e4 Bf6 14. Be3 g6 15. Rad1 Bg7 {White got his big centre all right, but for
this setup his Nf3 is not particularly well placed. Its best postion should be
on c3, where it would protect the e4-pawn, keep Black's counterplay on the
queenside in check, and, most importantly, clear out of the way of his f-pawn.}
) 10... Nxc3 11. bxc3 $5 {Voluntarily accepting a structural weakness in order
to facilitate his play elsewhere on the board - a worthy concept from Ding
Liren.} ({It was not too late for Ding to get back to quieter waters with} 11.
Qxc3 d6 12. Qc2 {Black's best then is} f5 {setting up a Dutch pawn structure,
which, quite fittingly, is exactly what Rapport did in Wijk aan Zee last month
against Anish Giri. Playing the Dutch against a Dutchman in Holland may seem
an outrageous idea, but in practice it worked out for a draw! The game went}
13. Rad1 ({Years ago I chose} 13. Ne1 {against the great Ratmir Kholmov,and
also drifted to a draw after} Bxg2 14. Nxg2 Qd7 15. Rad1 Nc6 16. Be3 Rae8 17.
Qa4 e5 18. dxe5 Nxe5 19. Qxd7 Nxd7) 13... Be4 14. Qc1 Qe8 15. Qe3 Bf6 16. c5
bxc5 17. dxc5 e5 18. Qb3+ Qf7 19. Bg5 Qxb3 20. axb3 h6 21. Bxf6 Rxf6 {etc.})
11... Qc8 {A standard prophylactic move in many Queen's Indian variations.} ({
With his centre reinforced by the c3-pawn White is ready to answer} 11... f5 {
with} 12. Ne5 Bxg2 13. Kxg2 d6 14. Nf3 Nd7 15. e4 $1 {In this situation Black
might have to resort to} g5 $5 16. Bd2 f4 {which is quite within Richard
Rapport's scope of vision, but Ding would surely try something to the tune of}
17. h4 $5 g4 18. Nh2 f3+ 19. Kg1 h5 20. e5) ({On the other hand,} 11... d6 {
allows another typical shot} 12. Ng5 $1 {White would love to to see his
light-squared bishop unopposed, as is the case here:} Bxg5 13. Bxb7 Ra7 14.
Bxg5 Qxg5 15. Bg2 $14) 12. e4 d6 13. Rfe1 Nd7 ({Black's problem is that his
own pawn takes away the a5-square from the knight.} 13... Nc6 $2 14. d5 Nb8 15.
e5) 14. Rad1 a4 $5 {This is the essentual Rapport chess. While Black is unable
to play either c7-c5 or e6-e5, he nevertheless finds a way to play actively.}
15. h4 Ra5 {If nothing else, this rook has stopped the white pawn from
continuing to h5-h6.} 16. Bc1 $6 {I find this retreat somewhat dissatisfying.}
({I want White to play} 16. e5 {to set up Nf3-g5 with an attack. Of course,
then} dxe5 (16... h6 17. Bh3 dxe5 18. Nxe5 Nxe5 19. Bxe5 Qd8) 17. dxe5 Nc5 18.
Qc2 Qa8 19. Ng5 Bxg5 20. Bxb7 Qxb7 21. Bxg5 {forces so many pieces off the
board. Still, White has some hopes to utillise the d-file and the rook lift
d4-g4.}) ({Perhaps the best was} 16. Bh3 $5 {with the idea of meeting} Qa8 {
with} 17. Ng5 {White needs to provoke some weakening moves off Black's K-side
pawn shield. Garry Kasparov was the master of that strategy.}) 16... Re8 17.
Nh2 Qa8 18. Nf1 Nf6 19. d5 {I guess Ding didn't feel like playing a long
manoeuvring game that day.} Bf8 20. Ne3 a3 21. f4 Ra4 $5 {Rapport shows a lot
of nerve in the face of White's offensive.} ({A lot of us old hands would feel
obliged to slow White down with} 21... e5) 22. e5 Nd7 ({Keeping the knight
closer to the king only gives White extra tempi to develop his attack, as in} 
22... Nh5 23. Kh2 g6 24. dxe6 fxe6 (24... Rxe6 25. Nd5) 25. Bxb7 Qxb7 26. Rf1
Ra5 27. g4 Ng7 28. h5 $1) 23. h5 Nc5 24. Qf1 h6 $1 25. Rd4 Qa5 $6 ({Perhaps,
the wiser choice would be to return the queen to defensive duties with} 25...
Qc8 {but White can proceed with} 26. f5 $5 exd5 ({or} 26... dxe5 27. fxe6 fxe6
28. Rg4 Kh8 29. Rg6 e4 30. Ng4 exd5 31. Bxh6) 27. e6 fxe6 28. f6 {in both
cases getting dangerously close to mating the black king.}) 26. Bd2 exd5 {
Black is forced to take some action.} ({The wait and see policy of} 26... Qa8 {
would be due to get a rude awakening after} 27. f5 $1 dxe5 28. Rg4) 27. Nxd5 ({
Maybe the right move order was} 27. exd6 Bxd6 28. Nxd5 {to try to force Black
to trade his defensive rook.}) 27... c6 28. Nb4 Qa8 (28... dxe5 29. fxe5 Ne6
30. Rg4) 29. exd6 Rd8 $1 30. f5 {Ding was still dreaming of the attack. He
wanted to get his rook to g4.} Nd7 $5 (30... Rxd6 31. Rxd6 Bxd6 32. f6 {
is a sharp fight, which Black's scattered pieces are ill prepared for. Still,}
Qd8 33. Qf5 (33. fxg7 $5 Bxg3 34. Re2 Ne6 35. Be4 Nxg7 36. Rg2) 33... Qxf6 34.
Re8+ Bf8 35. Qxf6 gxf6 36. Nxc6 Ra8 {seems to hold.}) 31. Rd3 $2 {You miss a
beat... you lose the rhythm...} ({The only way to continue was to uphold the
old revolutionary "We Chinese Never Go Back" spirit:} 31. Re7 $3 {anticipating}
c5 32. Bxb7 Qxb7 33. Rg4 cxb4 34. Bxh6 {Should it have worked out we'd be
talking a brilliant game from Ding Liren, and, in turn, the failure of
Rapport's ultra-provocative strategy.}) 31... Nf6 32. Bf4 Ra5 {Lots of pawns
are hanging, and the time must have been running out for Ding.} 33. Qf3 ({
A better move was} 33. Qf2 {seeking new targets.}) 33... Rxf5 34. Nxc6 $2 {
This only helps the black bench players, Bb7 and Qa8 to enter the arena.} ({
Instead,} 34. Re5 {most likely maintains the balance If Black wants to play
for a win, he might have to sac the exchange,} Rxf4 $5 (34... Rxe5 35. Bxe5 Nd7
36. Bf4 Nf6 37. Be5 {is a semi-forcing line, which ends in repetition.}) 35.
gxf4 Rxd6 36. Rxd6 Bxd6 37. Re1 Qa5 {Risky indeed, but I wouldn't put it past
Richard Rapport to take a chance like this.}) 34... Rxd6 $1 35. Rxd6 Bxd6 36.
Ne7+ Bxe7 37. Qxb7 Bc5+ 38. Kf1 Qxb7 39. Bxb7 Nxh5 40. Re8+ Bf8 {The smoke has
cleared, and facing the loss of his last K-side pawn Ding resigned. Well, this
game certainly did not disappoint us spectators.} 0-1

[Event "Prague op-A 09th"]
[Site "Prague"]
[Date "2010.01.12"]
[Round "6"]
[White "Bodiroga, Predrag"]
[Black "Zakhartsov, Viacheslav V"]
[Result "0-1"]
[WhiteElo "2420"]
[BlackElo "2562"]
[Annotator "Zakhartsov,Vi"]
[PlyCount "54"]
[EventDate "2010.01.08"]
[EventType "swiss"]
[EventRounds "9"]
[EventCountry "CZE"]
[SourceTitle "CBM 134 Extra"]
[Source "ChessBase"]
[SourceDate "2010.03.03"]
[SourceVersion "1"]
[SourceVersionDate "2010.03.03"]
[SourceQuality "1"]

1. d4 Nf6 2. c4 e6 3. Nf3 b6 4. g3 c6 {This move (instead of 4...Ba6 and 4...
Bb7) is frequently applied by Sergei Tiviakov, when he wishes to avoid long
theoretical lines.} 5. Bg2 Bb7 6. Nc3 d5 7. O-O Be7 8. Nd2 O-O 9. Re1 {White
prepares e2-e4, avoiding the line} (9. e4 dxc4 10. Nxc4 Ba6 11. b3 b5 12. Ne3
b4 13. Ne2 Bxe2 14. Qxe2 Qxd4 15. Bb2 Qb6 {, as in the game Aronian-Tiviakov,
Wijk aan Zee 2007. Although White won, Black had some opportunities to improve
his play.}) 9... Nbd7 (9... Na6 {also needs practical testing.}) 10. e4 dxc4 (
10... dxe4 11. Ndxe4 Nxe4 12. Nxe4 Nf6 13. Nc3 {led to a slightly better
position for White. I had striven for more complex play.}) 11. Nxc4 b5 12. Ne3
b4 13. Na4 Nb6 (13... c5 14. d5 {led to a worse position for Black:} exd5 (
14... Nb6 15. d6 {!} Bxd6 16. Nxb6 axb6 17. e5 {, winning a piece:} Bxg2 18.
Nxg2 {!} Bxe5 19. Qxd8 Rfxd8 20. Rxe5) 15. exd5 Bd6 16. Nf5 Nb6 17. Bg5 h6 (
17... Nxa4 18. Qxa4 h6 19. Bh4) 18. Nxd6 Qxd6 19. Bxf6 Qxf6 20. Nxc5 Bxd5 21.
Bxd5 Rad8 22. Ne4 Qf5 23. Bxf7+ Qxf7 24. Qe2 {, and White is a healthy pawn up.
}) 14. Nxb6 (14. Nc5 {was the most principled continuation:} Bxc5 15. dxc5 Qxd1
16. Rxd1 Na4 17. Rd4 (17. Nc4 {also deserves attention}) 17... a5 18. Nc4 Nxc5
19. Bf4 Na4 20. Rd2 c5 21. f3 Bc6 22. Be3 Nd7 23. Rad1 {with more than enough
compensation for the pawn.}) 14... axb6 15. b3 (15. e5 Nd5 16. Nxd5 cxd5 {
with roughly equal chances.}) 15... c5 16. d5 exd5 17. exd5 Ne8 18. Nf5 {
An attacking attempt.} (18. Nc4 {was harmless:} Bf6 19. Ne5 (19. Bb2 Bxb2 20.
Nxb2 Nd6 {, and Black is doing fine}) 19... Nc7 20. d6 Bxg2 21. Kxg2 Nb5 22. d7
Bxe5 23. Rxe5 Ra7 {, winning the d-pawn, but}) (18. Ng4 $1 {(preventing 18...
Bf6) was very strong:} Nd6 19. Bb2 Re8 20. Qd3 {, with complex play.}) 18...
Bf6 19. Rb1 (19. Bf4 $1 {was a strong developing continuation:} Bc8 (19... Bxa1
20. Qxa1 f6 21. Ne7+ Kh8 22. Nc6 Bxc6 23. dxc6 {with full compensation for the
exchange}) (19... Qd7 $5 {deserves serious attention}) 20. Ne7+ Bxe7 21. d6 Bf6
22. Bxa8 Bxa1 23. Qxa1 Nxd6 24. Qd1 Nb5 25. Qxd8 Rxd8 26. Bc6 Ba6 27. Bxb5 Bxb5
28. Bc7 Ra8 29. Bxb6 c4 30. bxc4 Bxc4 31. Bc5 {with full equality.}) 19... Rxa2
{Now Black is a healthy pawn up.} 20. d6 Bxg2 21. Kxg2 Qd7 22. Qg4 Kh8 23. Bf4
(23. Rd1 g6 24. Ne3 Qc6+ 25. Qf3 Qxf3+ 26. Kxf3 Bd4 27. d7 Nc7 28. Bb2 Ne6 29.
Nc4 Rd8 {with a pawn up.}) 23... Bd4 {Taking the initiative.} 24. Ne3 $2 {
The decisive mistake in time trouble.} (24. Re7 Rxf2+ 25. Kh3 Qc6 26. Rg1 Ra2
27. Nxd4 cxd4 {gave a big advantage to Black, however White had some
counterchances}) 24... Rxf2+ $1 25. Kh3 f5 26. Nxf5 Nf6 27. Re7 (27. Qg5 {
also loses:} Ng8 28. g4 Bf6 29. Qh5 Rxf4) 27... Rxh2+ $1 0-1